000 00524nam a22001577a 4500
020 _qHard Cover.
082 _a620.1
100 _aAlam, Syed Hashim Raza
245 _aModeling and Digital Control of Quarter Car Suspension System Test Rig
_cSyed Hashim Raza Alam.
260 _aIslamabad:
_bSMME - NUST,
_c2015.
300 _a46 p.: ill.;
_c30cm.
650 _aMechanical Engineering MS-Thesis.
_916090
700 _aDr. Mohsin Jamil
_916128
942 _2ddc
_cTHE
999 _c529449
_d529449